Score 0/110 Timer 07:00
0 Plays Today
Season Lineup % Correct
2003/2004Robbie Keane
95.9%
2007/2008Robbie Keane
95.9%
2009/2010Robbie Keane
95.9%
2001/2002Ledley King
95%
2004/2005Ledley King
95%
2004/2005Jermain Defoe
95%
2005/2006Jermain Defoe
95%
2006/2007Jermain Defoe
95%
2009/2010Ledley King
95%
2009/2010Jermain Defoe
95%
2004/2005Paul Robinson
90.9%
2005/2006Paul Robinson
90.9%
2006/2007Paul Robinson
90.9%
2007/2008Paul Robinson
90.9%
2005/2006Michael Dawson
87.6%
2006/2007Michael Dawson
87.6%
2008/2009Michael Dawson
87.6%
2008/2009Heurelho Gomes
85.1%
2009/2010Heurelho Gomes
85.1%
2000/2001Stephen Carr
82.6%
2002/2003Stephen Carr
82.6%
2003/2004Stephen Carr
82.6%
2008/2009Luka Modric
81.8%
2009/2010Luka Modric
81.8%
2006/2007Aaron Lennon
79.3%
2006/2007Dimitar Berbatov
79.3%
2007/2008Dimitar Berbatov
79.3%
2008/2009Aaron Lennon
79.3%
2009/2010Aaron Lennon
79.3%
2006/2007Jermaine Jenas
77.7%
2007/2008Jermaine Jenas
77.7%
2008/2009Jermaine Jenas
77.7%
2002/2003Teddy Sheringham
73.6%
2006/2007Benoit Assou-Ekotto
72.7%
2008/2009Benoit Assou-Ekotto
72.7%
2008/2009Darren Bent
72.7%
2009/2010Benoit Assou-Ekotto
72.7%
Season Lineup % Correct
2000/2001Sol Campbell
70.2%
2002/2003Kasey Keller
69.4%
2003/2004Kasey Keller
69.4%
2009/2010Tom Huddlestone
68.6%
2000/2001Darren Anderton
67.8%
2005/2006Michael Carrick
64.5%
2007/2008Younes Kaboul
63.6%
2001/2002Les Ferdinand
58.7%
2008/2009David Bentley
56.2%
2009/2010Vedran Ćorluka
56.2%
2000/2001Steffen Iversen
55.4%
2002/2003Steffen Iversen
55.4%
2002/2003Simon Davies
52.9%
2003/2004Simon Davies
52.9%
2004/2005Simon Davies
52.9%
2000/2001Neil Sullivan
52.1%
2000/2001Sergei Rebrov
52.1%
2001/2002Neil Sullivan
52.1%
2001/2002Sergei Rebrov
52.1%
2006/2007Lee Young-Pyo
51.2%
2005/2006Mido
50.4%
2008/2009Jonathan Woodgate
49.6%
2004/2005Frédéric Kanouté
48.8%
2006/2007Didier Zokora
47.1%
2007/2008Didier Zokora
47.1%
2008/2009Didier Zokora
47.1%
2007/2008Pascal Chimbonda
44.6%
2001/2002Gus Poyet
43.8%
2002/2003Jamie Redknapp
43.8%
2003/2004Jamie Redknapp
43.8%
2004/2005Jamie Redknapp
43.8%
2000/2001Steffen Freund
42.1%
2001/2002Steffen Freund
42.1%
2005/2006Teemu Tainio
42.1%
2007/2008Teemu Tainio
42.1%
2000/2001Chris Perry
40.5%
2006/2007Edgar Davids
40.5%
Season Lineup % Correct
2000/2001Tim Sherwood
38.8%
2001/2002Christian Ziege
38.8%
2001/2002Mauricio Taricco
37.2%
2002/2003Anthony Gardner
37.2%
2002/2003Mauricio Taricco
37.2%
2003/2004Anthony Gardner
37.2%
2003/2004Mauricio Taricco
37.2%
2005/2006Anthony Gardner
37.2%
2007/2008Anthony Gardner
37.2%
2009/2010Sébastien Bassong
37.2%
2004/2005Erik Edman
36.4%
2005/2006Erik Edman
36.4%
2005/2006Paul Stalteri
35.5%
2007/2008Paul Stalteri
35.5%
2007/2008Steed Malbranque
34.7%
2004/2005Noureddine Naybet
32.2%
2002/2003Dean Richards
30.6%
2005/2006Andy Reid
28.1%
2001/2002Gary Doherty
27.3%
2003/2004Gary Doherty
27.3%
2004/2005Pedro Mendes
27.3%
2009/2010Wilson Palacios
25.6%
2002/2003Matthew Etherington
24%
2003/2004Helder Postiga
24%
2000/2001Ben Thatcher
22.3%
2000/2001Øyvind Leonhardsen
19%
2001/2002Stephen Clemence
18.2%
2001/2002Goran Bunjevčević
17.4%
2002/2003Goran Bunjevčević
17.4%
2003/2004Goran Bunjevčević
17.4%
2003/2004Rohan Ricketts
12.4%
2006/2007Calum Davenport
10.7%
2004/2005Philip Ifil
9.9%
2005/2006Wayne Routledge
9.9%
2004/2005Johnnie Jackson
9.1%
2008/2009Giovani dos Santos
7.4%
Remove Ads.
Support Sporcle.
Get the best of Sporcle when you Go Orange. This ad-free experience offers more features, more stats, and more fun while also helping to support Sporcle. Thank you for becoming a member.

You're not logged in!

Compare scores with friends on all Sporcle quizzes.
OR
Log In

Show Comments

Extras

Top Quizzes Today


Score Distribution

Your Account Isn't Verified!

In order to create a playlist on Sporcle, you need to verify the email address you used during registration. Go to your Sporcle Settings to finish the process.

Report this User

Report this user for behavior that violates our Community Guidelines.

Details: